[Event "Madrid-ch Seniors 50"]
[Site "Madrid"]
[Date "2022.04.06"]
[Round "8"]
[White "Hernandez Gutierrez, Jose"]
[Black "Medina Lucena, Emilio"]
[Result "1-0"]
[WhiteElo "1732"]
[BlackElo "1303"]
[PlyCount "101"]
[EventDate "2022.03.28"]
[EventType "swiss"]
[EventRounds "9"]
[EventCountry "ESP"]
[SourceTitle "EXT 2023"]
[Source "ChessBase"]
[SourceDate "2022.10.05"]
[SourceVersion "1"]
[SourceVersionDate "2022.10.05"]
[SourceQuality "1"]

1. d4 d5 2. c4 Nf6 3. cxd5 Nxd5 4. g3 c6 5. Bg2 e6 6. Nf3 Bb4+ 7. Bd2 Bxd2+ 8. Nbxd2 Nd7 9. 0-0 N7f6 10. a3 Nb6 11. Qc2 Nbd7 12. e4 0-0 13. e5 Ne8 14. Rfe1 g6 15. Rad1 Ng7 16. Ne4 Ne8 17. Qd2 f6 18. Qh6 Rf7 19. Bh3 Nf8 20. Nc5 f5 21. Bg2 b6 22. Nd3 Rg7 23. Qc1 Bd7 24. b4 a5 25. h4 h5 26. Qc3 Nh7 27. Nf4 Qe7 28. Nd2 axb4 29. axb4 Rc8 30. Nb3 Nf8 31. Rc1 g5 32. hxg5 Qxg5 33. Nd2 h4 34. Nf3 Qh6 35. Nxh4 Rg4 36. Qe3 Ng7 37. Nf3 Nh5 38. Nh3 Qg7 39. Nfg5 Ng6 40. Bf3 Rxg3+ 41. fxg3 Nxg3 42. Qf2 Nh5 43. Bxh5 Qh6 44. Bxg6 Qxg6 45. Qg2 Kf8 46. Nf4 Qh6 47. Kf2 Qh4+ 48. Qg3 Qxg3+ 49. Kxg3 Kg7 50. Rg1 Rg8 51. Kf3 1-0

[Event "Madrid San Viator op-B 31st"]
[Site "Madrid"]
[Date "2019.09.15"]
[Round "2"]
[White "Medina Lucena, Emilio"]
[Black "Lopez Ortega, Ivan"]
[Result "1-0"]
[WhiteElo "1315"]
[BlackElo "1002"]
[PlyCount "83"]
[EventDate "2019.09.08"]
[EventType "swiss"]
[EventRounds "9"]
[EventCountry "ESP"]
[SourceTitle "EXT 2022"]
[Source "ChessBase"]
[SourceDate "2021.10.06"]
[SourceVersion "1"]
[SourceVersionDate "2021.10.06"]
[SourceQuality "1"]

1. d4 d5 2. Bf4 Nc6 3. e3 Bf5 4. Bd3 g6 5. Bxf5 gxf5 6. Nf3 Bg7 7. c3 Na5 8. Qa4+ c6 9. Nbd2 Nf6 10. b4 b5 11. Qxa5 Qxa5 12. bxa5 0-0 13. 0-0 Rac8 14. Ne5 c5 15. Rfc1 Nh5 16. dxc5 Nf6 17. Nb3 Ne4 18. a6 f6 19. Nd3 e5 20. Bg3 Nxg3 21. hxg3 e4 22. Nf4 Rb8 23. Rcb1 b4 24. cxb4 Rxb4 25. Nd4 Rc4 26. c6 Rc8 27. Nxd5 Bf8 28. Rb7 Bc5 29. Ne7+ Bxe7 30. Rxe7 Kf8 31. Rxh7 Kg8 32. Rxa7 Rb8 33. c7 Rc8 34. Ne6 Kf7 35. Nd8+ Ke7 36. Rd1 Ra4 37. Nc6+ Ke6 38. Rd8 Rxc7 39. Rxc7 Rxa2 40. Rb7 Ra1+ 41. Kh2 Rc1 42. Re7# 1-0

[Event "Madrid San Viator op-B 31st"]
[Site "Madrid"]
[Date "2019.09.08"]
[Round "1"]
[White "Alcojor Patilla, Antonio"]
[Black "Medina Lucena, Emilio"]
[Result "1-0"]
[WhiteElo "1602"]
[BlackElo "1315"]
[PlyCount "87"]
[EventDate "2019.09.08"]
[EventType "swiss"]
[EventRounds "9"]
[EventCountry "ESP"]
[SourceTitle "EXT 2022"]
[Source "ChessBase"]
[SourceDate "2021.10.06"]
[SourceVersion "1"]
[SourceVersionDate "2021.10.06"]
[SourceQuality "1"]

1. e4 e6 2. d4 d5 3. Nc3 Nf6 4. e5 Nfd7 5. f4 c5 6. Nf3 Nc6 7. Ne2 Be7 8. c3 b6 9. Ng3 g6 10. Bd3 cxd4 11. Nxd4 Nxd4 12. cxd4 Bb4+ 13. Bd2 Bxd2+ 14. Qxd2 a5 15. 0-0 Ba6 16. Ne2 Bxd3 17. Qxd3 0-0 18. Nc3 Nb8 19. Nb5 Na6 20. Rac1 Nb4 21. Qb3 Rc8 22. Nd6 Rxc1 23. Rxc1 Qd7 24. a3 Na2 25. Qxa2 Qa4 26. b3 Qxd4+ 27. Qf2 Qxf2+ 28. Kxf2 f6 29. Rc8 fxe5 30. Rxf8+ Kxf8 31. fxe5 Ke7 32. Nc8+ Kd7 33. Nxb6+ Kc6 34. Na4 d4 35. Kf3 Kd5 36. Nb6+ Kxe5 37. Nc4+ Kd5 38. Nxa5 e5 39. Nc4 e4+ 40. Ke2 h5 41. a4 g5 42. a5 Kc6 43. a6 d3+ 44. Ke3 1-0

[Event "Madrid Codes Memorial 13th"]
[Site "Madrid"]
[Date "2019.04.14"]
[Round "3.14"]
[White "Medina Lucena, Emilio"]
[Black "Chasiluisa Diaz, Andres S"]
[Result "1-0"]
[WhiteElo "1284"]
[BlackElo "1277"]
[PlyCount "95"]
[EventDate "2019.03.31"]
[EventType "swiss"]
[EventRounds "9"]
[EventCountry "ESP"]
[SourceTitle "EXT 2024"]
[Source "ChessBase"]
[SourceDate "2023.10.10"]
[SourceVersion "1"]
[SourceVersionDate "2023.10.10"]
[SourceQuality "1"]

1. d4 c5 2. d5 Nf6 3. c4 d6 4. Nc3 e5 5. Bg5 Bf5 6. e4 Bg6 7. Bd3 h6 8. Bh4 Be7 9. Nf3 Nbd7 10. Bg3 Nh5 11. Qb3 Qb6 12. Bh4 Ndf6 13. Qxb6 axb6 14. 0-0 Bh7 15. Rfe1 g5 16. Bg3 Nf4 17. Bxf4 gxf4 18. Nb5 Kd7 19. h3 Rhg8 20. Kh2 Rg7 21. Nc3 h5 22. a3 Rh8 23. Nh4 Ng4+ 24. hxg4 Bxh4 25. g3 Bg5 26. f3 hxg4 27. Kg2 fxg3 28. fxg4 Bf4 29. Ne2 Rxg4 30. Rh1 Ke7 31. Rh3 Kf8 32. Rf1 Kg7 33. Rf3 Rg8 34. Nxg3 Kh8 35. Kf2 R8g7 36. Bf1 Kg8 37. Nh5 R7g5 38. Nf6+ Kg7 39. Nxg4 Rxg4 40. Bd3 Bc1 41. Rhg3 Rg6 42. Rxg6+ fxg6 43. a4 Bxb2 44. Kg3 Kh6 45. Rf7 Bc3 46. Rxb7 Ba5 47. Rd7 Kh5 48. Rxh7+ 1-0

[Event "Mem op Francisco Codes 12th"]
[Site "Madrid"]
[Date "2018.04.08"]
[Round "1.18"]
[White "Murciano Cespedosa, Antonio"]
[Black "Medina Lucena, Emilio"]
[Result "1-0"]
[WhiteElo "1682"]
[BlackElo "1275"]
[PlyCount "60"]
[EventDate "2018.04.08"]
[EventType "swiss"]
[EventRounds "9"]
[EventCountry "ESP"]
[SourceTitle "EXT 2024"]
[Source "ChessBase"]
[SourceDate "2023.10.10"]
[SourceVersion "1"]
[SourceVersionDate "2023.10.10"]
[SourceQuality "1"]

1. d4 Nf6 2. Nf3 g6 3. Bf4 d6 4. e3 a6 5. Bd3 Bg7 6. c4 0-0 7. Nc3 Re8 8. Bc2 Nh5 9. Bg5 Nd7 10. Qd2 f6 11. Bh4 e5 12. g4 g5 13. gxh5 gxh4 14. Nxh4 Nb6 15. Qd3 e4 16. Nxe4 f5 17. Nxd6 Qxd6 18. Nxf5 Bxf5 19. Qxf5 Qh6 20. Bb3 Kh8 21. 0-0-0 Rf8 22. Qh3 Rad8 23. f4 a5 24. a4 Rfe8 25. Rhg1 Re7 26. Rg3 Red7 27. Rdg1 Qf6 28. c5 Nc8 29. h6 Qxh6 30. Qxh6 Bxh6 1-0

[Event "Madrid Codes Memorial 11th"]
[Site "Madrid"]
[Date "2017.04.02"]
[Round "1"]
[White "Lopez Andujar Ocana, Ramon"]
[Black "Medina Lucena, Emilio"]
[Result "1-0"]
[WhiteElo "1719"]
[BlackElo "1334"]
[PlyCount "83"]
[EventDate "2017.04.02"]
[EventType "swiss"]
[EventRounds "9"]
[EventCountry "ESP"]
[SourceTitle "EXT 2019"]
[Source "ChessBase"]
[SourceDate "2018.10.10"]
[SourceVersion "1"]
[SourceVersionDate "2018.10.10"]
[SourceQuality "1"]

1. e4 g6 2. Nf3 d6 3. d4 Bg7 4. c4 Nd7 5. Nc3 e6 6. Bg5 Bf6 7. Be3 Ne7 8. Bh6 c5 9. Qd2 Nc6 10. dxc5 dxc5 11. Nb5 Be7 12. Nd6+ Bxd6 13. Qxd6 Qe7 14. Qd2 Nde5 15. Nxe5 Nxe5 16. Bg7 Nxc4 17. Bxc4 Rg8 18. Be5 Qd7 19. Qe2 a6 20. a4 Qc6 21. 0-0 f5 22. f3 Bd7 23. Rfd1 Kf7 24. Rd6 Qc8 25. b3 Re8 26. Rad1 Re7 27. Qd2 Ke8 28. h4 b5 29. axb5 axb5 30. Rxd7 bxc4 31. Rxe7+ Kxe7 32. Qd6+ Kf7 33. bxc4 Qf8 34. Qxf8+ Kxf8 35. Bd6+ Ke8 36. Rb1 h5 37. Rb8+ Rxb8 38. Bxb8 Kd7 39. e5 Kc6 40. Kf2 Kb6 41. Bd6 f4 42. Ke2 1-0